Welcome to the Holygrace Academy Library

Please use search bar below to get started

AMBER BROWN (Record no. 5792)

MARC details
000 -LEADER
fixed length control field 00312nam a22001457a 4500
020 ## - INTERNATIONAL STANDARD BOOK NUMBER
ISBN 0-590-94736-8
082 ## - DEWEY DECIMAL CLASSIFICATION NUMBER
Classification number 823
Item number DANA
100 ## - MAIN ENTRY--AUTHOR NAME
Personal name DANZIGER, PAULA
245 ## - TITLE STATEMENT
Title AMBER BROWN
260 ## - PUBLICATION, DISTRIBUTION, ETC. (IMPRINT)
Place of publication NEW YORK
Name of publisher SCHOLASTIC INC.
Year of publication 1997
300 ## - PHYSICAL DESCRIPTION
Number of Pages 120
520 ## - SUMMARY, ETC.
Summary, etc SHORT STORY
650 ## - SUBJECT ADDED ENTRY--TOPICAL TERM
Topical Term SHORT STORY
942 ## - ADDED ENTRY ELEMENTS (KOHA)
Koha item type Books
Holdings
Withdrawn status Lost status Collection code Home library Current library Shelving location Date acquired Source of acquisition Cost, normal purchase price Full call number Accession Number Koha item type
    Fiction Main Library Main Library SHELF 15-I-CHILDREN'S STORYBOOKS 04/10/2012 Purchase 40.00 823 DANA 05693 Books